Encuentro arquitectura tropical (Record no. 596)

MARC details
000 -LEADER
campo de control de longitud fija 00586nam a22001337a 4500
008 - DATOS DE LONGITUD FIJA--INFORMACIÓN GENERAL
campo de control de longitud fija 150515b xxu||||| |||| 00| 0 eng d
082 ## - NÚMERO DE LA CLASIFICACIÓN DECIMAL DEWEY
Número de clasificación 728.9
Número de ítem I 597e
110 ## - ENTRADA PRINCIPAL--NOMBRE DE ENTIDAD CORPORATIVA
Nombre de entidad corporativa o nombre de jurisdicción como elemento de entrada Instituto de Arquitectura Tropical
9 (RLIN) 2673
245 ## - MENCIÓN DEL TÍTULO
Título Encuentro arquitectura tropical
Resto del título Encounter architecture
Mención de responsabilidad, etc. Instituto de Arquitectura Tropical
260 ## - PUBLICACIÓN, DISTRIBUCIÓN, ETC.
Lugar de publicación, distribución, etc. Costa Rica
Nombre del editor, distribuidor, etc. Instituto de Arquitectura Tropical
Fecha de publicación, distribución, etc. 1998
300 ## - DESCRIPCIÓN FÍSICA
Extensión 200 p
Otras características físicas ill. (col)
Dimensiones 21.5x28 cm
650 ## - PUNTO DE ACCESO ADICIONAL DE MATERIA--TÉRMINO DE MATERIA
Subdivisión general Arquitectura tropical
-- Encuentro (congreso)-Arquitectura
-- Congresos
-- Vivienda
-- Construcción
9 (RLIN) 2674
710 ## - ENTRADA AGREGADA--NOMBRE DE ENTIDAD CORPORATIVA
Nombre de entidad corporativa o nombre de jurisdicción como elemento de entrada Instituto de Arquitectura Tropical
9 (RLIN) 2675
Holdings
Estatus retirado Estado de pérdida Fuente del sistema de clasificación o colocación Estado de daño No para préstamo Biblioteca de origen Biblioteca actual Ubicación en estantería Fecha de adquisición Total de préstamos Signatura topográfica completa Código de barras Visto por última vez Precio de reemplazo Tipo de ítem Koha
    Clasificación Decimal Dewey     Biblioteca LadoV Biblioteca LadoV   15/05/2015   728.9 I 597e 000492 15/05/2015 15/05/2015 Material 01